000 00473nam a2200169Ia 4500
008 230917s9999||||xx |||||||||||||| ||und||
020 _cRS695
040 _e252890
_aMAIN
041 _aEnglish
082 _a658.8 B227N
100 _aBansal, Sanjeev, ed.
245 0 _aNovel marketing: Propositions for value creation
260 _aNew Delhi
_bManakin Press
_c2017
300 _aviii, 283 p.
500 _a3392 02/01/2019 RK19/2832 12/01/2019 Main Budget
942 _cBK
999 _c29789
_d29789